00451nam a22001577a 450000500170000001000150001702000260003203500130005803700130007108200100008424500590009426000390015327000560019230000210024870000240026920140715145401.0 aENG-109888 a9788184982640c350.00 aEN-93421 bDBAD/PUB a158.700aParenting the office /cby Doris S. Davidoff...[et al] aPunebMehta Publishing Housec2011 a1941, Sadashiv Peth, Mediwalie ColonybPunee411030 a228p.c23cm(pbk) aDavidoff, Doris S.